<?xml version="1.0" encoding="UTF-8"?>
<record
    xmlns:xsi="http://www.w3.org/2001/XMLSchema-instance"
    xsi:schemaLocation="http://www.loc.gov/MARC21/slim http://www.loc.gov/standards/marcxml/schema/MARC21slim.xsd"
    xmlns="http://www.loc.gov/MARC21/slim">

  <leader>01471nam a2200289   4500</leader>
  <controlfield tag="001">113590</controlfield>
  <controlfield tag="003">DR-UNIBE</controlfield>
  <controlfield tag="005">20250509143051.0</controlfield>
  <controlfield tag="008">250509b1998    ve ||||| |||| 00| 0 spa d</controlfield>
  <datafield tag="022" ind1=" " ind2=" ">
    <subfield code="a">13168843</subfield>
  </datafield>
  <datafield tag="040" ind1=" " ind2=" ">
    <subfield code="a">BIBLIOTECA UNIBE</subfield>
    <subfield code="b">spa</subfield>
    <subfield code="c">BIBLIOTECA UNIBE</subfield>
    <subfield code="e">rda</subfield>
  </datafield>
  <datafield tag="041" ind1=" " ind2=" ">
    <subfield code="a">spa</subfield>
  </datafield>
  <datafield tag="082" ind1=" " ind2=" ">
    <subfield code="2">22</subfield>
    <subfield code="a">347.013 R426i</subfield>
  </datafield>
  <datafield tag="110" ind1="1" ind2="0">
    <subfield code="a">Rep&#xFA;blica de Venezuela. Corte Suprema de Justicia</subfield>
    <subfield code="9">195171</subfield>
  </datafield>
  <datafield tag="245" ind1="1" ind2="0">
    <subfield code="a">Corte Suprema de Justicia:</subfield>
    <subfield code="b">informe 1998 /</subfield>
    <subfield code="c">Corte Suprema de Justicia; coordinaci&#xF3;n general: Juan Francisco Corral ; dise&#xF1;o gr&#xE1;fico: Daniela Ulian ; fotograf&#xED;a : Marinao U. de Aldaca ; pintor de portada: Alirio Ror&#xED;guez</subfield>
  </datafield>
  <datafield tag="260" ind1=" " ind2=" ">
    <subfield code="a">Caracas:</subfield>
    <subfield code="b">Editorial Arte,</subfield>
    <subfield code="c">1998</subfield>
  </datafield>
  <datafield tag="300" ind1=" " ind2=" ">
    <subfield code="a">219 p&#xE1;ginas :</subfield>
    <subfield code="c">22 x 414 cm</subfield>
  </datafield>
  <datafield tag="500" ind1=" " ind2=" ">
    <subfield code="a">Informaci&#xF3;n de la Corte Suprema de Justicia y sus miembros en la solapa. Foto de portada: detalle vitral "#La justicia", de Alirio Rodr&#xED;guez</subfield>
  </datafield>
  <datafield tag="505" ind1=" " ind2=" ">
    <subfield code="a">Nota explicativa |
Actividades institucionales | 
Actividades jurisdiccionales |
Actividades administrativas |
Proyecto de modernizaci&#xF3;n |
Anexos </subfield>
  </datafield>
  <datafield tag="650" ind1=" " ind2="7">
    <subfield code="2">lemb</subfield>
    <subfield code="a">Poder judicial </subfield>
    <subfield code="v">Iformes</subfield>
    <subfield code="z">Venezuela</subfield>
    <subfield code="9">195186</subfield>
  </datafield>
  <datafield tag="650" ind1=" " ind2="7">
    <subfield code="2">lemb</subfield>
    <subfield code="a"> Administraci&#xF3;n de justicia </subfield>
    <subfield code="v">Informes</subfield>
    <subfield code="z">Venezuela</subfield>
    <subfield code="9">195187</subfield>
  </datafield>
  <datafield tag="700" ind1=" " ind2=" ">
    <subfield code="a">Corral , Juan Francisco</subfield>
    <subfield code="9">195181</subfield>
    <subfield code="e">coordinador general</subfield>
  </datafield>
  <datafield tag="700" ind1=" " ind2=" ">
    <subfield code="a">Ulian, Daniela</subfield>
    <subfield code="9">195182</subfield>
    <subfield code="e">dise&#xF1;ador gr&#xE1;fico</subfield>
  </datafield>
  <datafield tag="700" ind1=" " ind2=" ">
    <subfield code="a">Aldaca, Mariano de</subfield>
    <subfield code="9">104981</subfield>
    <subfield code="e">fot&#xF3;grafo</subfield>
  </datafield>
  <datafield tag="700" ind1=" " ind2=" ">
    <subfield code="a">Ror&#xED;guez, Alirio</subfield>
    <subfield code="9">195183</subfield>
    <subfield code="e">pintor de portada</subfield>
  </datafield>
  <datafield tag="942" ind1=" " ind2=" ">
    <subfield code="2">ddc</subfield>
    <subfield code="c">BK</subfield>
  </datafield>
  <datafield tag="999" ind1=" " ind2=" ">
    <subfield code="c">113590</subfield>
    <subfield code="d">113590</subfield>
  </datafield>
  <datafield tag="952" ind1=" " ind2=" ">
    <subfield code="0">0</subfield>
    <subfield code="1">0</subfield>
    <subfield code="2">ddc</subfield>
    <subfield code="7">0</subfield>
    <subfield code="8">GEN</subfield>
    <subfield code="a">Principal</subfield>
    <subfield code="d">2025-04-08</subfield>
    <subfield code="l">0</subfield>
    <subfield code="o">347.013 R426i</subfield>
    <subfield code="p">250378</subfield>
    <subfield code="r">2025-05-09 14:10:59</subfield>
    <subfield code="t">Ej. 1</subfield>
    <subfield code="w">2025-05-09</subfield>
    <subfield code="y">BK</subfield>
  </datafield>
</record>
